000
00233 a2200109 4500
003
Nust
005
20170207154223.0
040
_c
Nust
082
_a
371.33
245
_a
The Witches (VHS-133)
440
_a
The Witches (VHS-133)
538
_a
Duration in Minutes-108
999
_c
195424
_d
195424